000
00319nam a2200121Ia 4500
008
220204s9999 xx 000 0 und d
082
_a
541.3
_b
BAR
100
_a
Bard, Larry R
245
0
_a
Electrochemical methods: Fundamentals and applications
260
_a
New York
_b
Wiley
_c
1980
700
_a
Faulkner
942
_c
BK
999
_c
36306
_d
36306